00517nam a22001217a 4500008004100000040005500041080002800096245017100124260004300295300000900338650002800347653002000375230410b |||||||| |||| 00| 0 eng d aNational Science LibrarycNational Science Library a334(540):311.1}(02)bL3 aHandbook of concepts and definition of terms used in the compilation of statistical statements relation to the co-operative movement in Indiac/ Reserve Bank of India aIndia: bReserve Bank of India, c1973 a70p. aClassification of loans aNon-agriculture